000 00706cab a2200217 4500
001 ABS41458
008 090401t1989 xxu||||| |||| 00| 0 eng d
035 _a(Sirsi) u30308
041 _aeng
100 _aTyler, G.
245 _aStart-up units: faith, hope or charity?
260 _c1989
350 _a0
490 _aProperty Director
_v(14) Autumn 1989, 65-69(3)
520 _aReviews the commercial viability of start-up business units for small firms. Looks at successful ventures at Birmingham `s Aston Science Park and the Cowdray Centre , Colchester .
650 _aSEEDBED
650 _aSMALL BUSINESSES
690 _aPROPERTY-COMMERCIAL PROPERTY
942 _n0
948 _c04/03/1997
999 _c20421
_d20421